000 00272nam a22001217a 4500
082 _a823
_bBPI/L
245 _aTHE LITTLE STORK CATCHES A FISH
260 _aDELHI
_bBPI
300 _a15
520 _aENGLISH SHORT STORY
650 _aENGLISH SHORT STORY
_zDELHI
942 _cBK
999 _c5936
_d5936